Idegenvezetői tanfolyam Szegeden
Elmentve itt :
| Dokumentumtípus: | Cikk |
|---|---|
| Megjelent: |
1934-01-20
|
| Sorozat: | Délmagyarország
10 No. 15 |
| Kulcsszavak: | Tanfolyam idegenvezetői 1934 |
| Online Access: | http://dmarchiv.bibl.u-szeged.hu/48236 |
| LEADER | 00417nab a2200145 i 4500 | ||
|---|---|---|---|
| 001 | delm48236 | ||
| 005 | 20180927134907.0 | ||
| 008 | 180927s1934 hu o 0|| hun d | ||
| 040 | |a SZTE Délmagyarország Archívum |b hun | ||
| 041 | |a hun | ||
| 245 | 0 | 0 | |a Idegenvezetői tanfolyam Szegeden |h [elektronikus dokumentum] |
| 260 | |c 1934-01-20 | ||
| 300 | |a 7 | ||
| 490 | 0 | |a Délmagyarország |v 10 No. 15 | |
| 695 | |a Tanfolyam idegenvezetői 1934 | ||